| 000 -LEADER |
| fixed length control field |
00375cam a22001097a 4500 |
| 008 - FIXED-LENGTH DATA ELEMENTS--GENERAL INFORMATION |
| fixed length control field |
180718b1950 xxu||||| |||| 00| 0 eng d |
| 082 ## - DEWEY DECIMAL CLASSIFICATION NUMBER |
| Classification number |
B7303x5452 M267/1949 |
| 100 ## - MAIN ENTRY--PERSONAL NAME |
| Personal name |
Madras. Legal Department |
| 245 ## - TITLE STATEMENT |
| Title |
The Madras district municipalities Act, 1920 (Madras Act No., V of 1920) as modified up to the Ist May 1949 |
| 260 ## - PUBLICATION, DISTRIBUTION, ETC. |
| Place of publication, distribution, etc. |
Madras |
| Name of publisher, distributor, etc. |
The author |
| Date of publication, distribution, etc. |
1950 |
| 300 ## - PHYSICAL DESCRIPTION |
| Extent |
215+p. |